Loading...

Yajur vedam /

Bibliographic Details
Main Author: Balakrishana V.
Other Authors: Leeladevi, R.
Format: Printed Book
Language:Malayalam
Published: Aurovilla Publications , 1975.
LEADER 00451nam a2200145Ia 4500
008 150624b xxu||||| |||| 00| | mal d
100 |a Balakrishana V. 
245 |c Balakrishana V. and R. Leeladevi  |a Yajur vedam / 
260 |b Aurovilla Publications ,  |c 1975. 
300 |a 540 p. 
546 |a In Malayalam. 
700 |a Leeladevi, R. 
942 |c BK 
999 |c 75821  |d 75821 
952 |0 0  |1 0  |4 0  |7 0  |9 75765  |a UL  |b UL  |c ST1  |d 1998-09-15  |l 0  |p 25451  |r 2012-10-27  |w 2012-10-27  |y BK